| 000 | 00672nam a2200229 i 4500 | ||
|---|---|---|---|
| 001 | 17851 | ||
| 003 | ES-MaACL | ||
| 005 | 20230906151707.0 | ||
| 007 | t| | ||
| 008 | 010608s2000 sp ||||1| spa d | ||
| 020 | _a84-7959-360-1 | ||
| 080 | _a821.134.2-14"19" | ||
| 100 | 1 |
_aBenítez Carrasco, Manuel. _927621 |
|
| 245 | 1 | 0 |
_aObra poética / _cManuel Benítez Carrasco. |
| 260 |
_aCórdoba : _bObra Social y Cultural Cajasur, _c2000. |
||
| 300 |
_a3 v. ; _c24 cm. |
||
| 490 | 1 | _aColección mayor | |
| 710 | 2 |
_aObra Social y Cultural Cajasur. _96003 |
|
| 830 | 0 |
_aColección mayor _9180348 |
|
| 852 |
_aES-MaACL _jL-24623-25 _bR.129983 |
||
| 999 |
_c17851 _d17851 |
||